<?xml version="1.0" encoding="UTF-8"?>
<record
    xmlns:xsi="http://www.w3.org/2001/XMLSchema-instance"
    xsi:schemaLocation="http://www.loc.gov/MARC21/slim http://www.loc.gov/standards/marcxml/schema/MARC21slim.xsd"
    xmlns="http://www.loc.gov/MARC21/slim">

  <leader>01168nam0a2200349   4500</leader>
  <controlfield tag="001">RU\NLR\bibl\1003690</controlfield>
  <controlfield tag="005">20250614225403.0</controlfield>
  <datafield tag="010" ind1=" " ind2=" ">
    <subfield code="a">5-9533-1532-5</subfield>
    <subfield code="b">&#x412; &#x43F;&#x435;&#x440;.</subfield>
  </datafield>
  <datafield tag="021" ind1=" " ind2=" ">
    <subfield code="a">RU</subfield>
    <subfield code="b">2006-59333</subfield>
    <subfield code="9">2945</subfield>
  </datafield>
  <datafield tag="035" ind1=" " ind2=" ">
    <subfield code="a">(nilc)RSL-KNO-002952482</subfield>
  </datafield>
  <datafield tag="035" ind1=" " ind2=" ">
    <subfield code="a">(NLR Aleph) 000991379</subfield>
  </datafield>
  <datafield tag="090" ind1=" " ind2=" ">
    <subfield code="a">521057</subfield>
    <subfield code="c">521057</subfield>
  </datafield>
  <datafield tag="100" ind1=" " ind2=" ">
    <subfield code="a">20061006d2006    |||y0rusy50      ca</subfield>
  </datafield>
  <datafield tag="101" ind1="0" ind2=" ">
    <subfield code="a">rus</subfield>
  </datafield>
  <datafield tag="102" ind1=" " ind2=" ">
    <subfield code="a">RU</subfield>
  </datafield>
  <datafield tag="105" ind1=" " ind2=" ">
    <subfield code="a">y   |||||||||</subfield>
  </datafield>
  <datafield tag="106" ind1=" " ind2=" ">
    <subfield code="a">r</subfield>
  </datafield>
  <datafield tag="200" ind1="1" ind2=" ">
    <subfield code="a">&#x421;&#x44B;&#x43D; &#x413;&#x435;&#x442;&#x43C;&#x430;&#x43D;&#x430;</subfield>
    <subfield code="e">[&#x440;&#x43E;&#x43C;&#x430;&#x43D;]</subfield>
    <subfield code="f">&#x41E;&#x43B;&#x44C;&#x433;&#x430; &#x420;&#x43E;&#x433;&#x43E;&#x432;&#x430;</subfield>
  </datafield>
  <datafield tag="210" ind1=" " ind2=" ">
    <subfield code="a">&#x41C;&#x43E;&#x441;&#x43A;&#x432;&#x430;</subfield>
    <subfield code="c">&#x412;&#x435;&#x447;&#x435;</subfield>
    <subfield code="d">2006</subfield>
    <subfield code="e">&#x422;&#x443;&#x43B;&#x430;</subfield>
    <subfield code="g">&#x422;&#x443;&#x43B;&#x44C;&#x441;&#x43A;&#x430;&#x44F; &#x442;&#x438;&#x43F;&#x43E;&#x433;&#x440;&#x430;&#x444;&#x438;&#x44F;</subfield>
  </datafield>
  <datafield tag="215" ind1=" " ind2=" ">
    <subfield code="a">541, [1] &#x441;.</subfield>
    <subfield code="d">22</subfield>
  </datafield>
  <datafield tag="225" ind1="1" ind2=" ">
    <subfield code="a">&#x41A;&#x430;&#x437;&#x430;&#x447;&#x438;&#x439; &#x440;&#x43E;&#x43C;&#x430;&#x43D;</subfield>
  </datafield>
  <datafield tag="600" ind1=" " ind2="1">
    <subfield code="a">&#x425;&#x43C;&#x435;&#x43B;&#x44C;&#x43D;&#x438;&#x446;&#x43A;&#x438;&#x439;</subfield>
    <subfield code="b">&#x411;.&#x41C;.</subfield>
    <subfield code="f">&#x43E;&#x43A;. 1595 - 1657</subfield>
    <subfield code="g">&#x411;&#x43E;&#x433;&#x434;&#x430;&#x43D; &#x41C;&#x438;&#x445;&#x430;&#x439;&#x43B;&#x43E;&#x432;&#x438;&#x447;</subfield>
    <subfield code="x">&#x432; &#x445;&#x443;&#x434;&#x43E;&#x436;&#x435;&#x441;&#x442;&#x432;&#x435;&#x43D;&#x43D;&#x43E;&#x439; &#x43B;&#x438;&#x442;&#x435;&#x440;&#x430;&#x442;&#x443;&#x440;&#x435;</subfield>
    <subfield code="9">2422176</subfield>
    <subfield code="3">RU\NLR\AUTH\661442384</subfield>
  </datafield>
  <datafield tag="686" ind1="1" ind2=" ">
    <subfield code="a">&#x428;6(2=&#x420;)52-4</subfield>
  </datafield>
  <datafield tag="700" ind1=" " ind2="1">
    <subfield code="a">&#x420;&#x43E;&#x433;&#x43E;&#x432;&#x430;</subfield>
    <subfield code="b">&#x41E;.</subfield>
    <subfield code="g">&#x41E;&#x43B;&#x44C;&#x433;&#x430;</subfield>
    <subfield code="4">070</subfield>
  </datafield>
  <datafield tag="801" ind1=" " ind2="0">
    <subfield code="a">RU</subfield>
    <subfield code="b">&#x420;&#x41A;&#x41F;</subfield>
    <subfield code="c">20061006</subfield>
    <subfield code="g">rcr</subfield>
  </datafield>
  <datafield tag="801" ind1=" " ind2="1">
    <subfield code="a">RU</subfield>
    <subfield code="b">&#x420;&#x413;&#x411;</subfield>
    <subfield code="c">20061006</subfield>
  </datafield>
  <datafield tag="801" ind1=" " ind2="2">
    <subfield code="a">RU</subfield>
    <subfield code="b">NLR</subfield>
    <subfield code="c">20061103</subfield>
    <subfield code="g">rcr</subfield>
  </datafield>
  <datafield tag="942" ind1=" " ind2=" ">
    <subfield code="c">BOOK</subfield>
  </datafield>
  <datafield tag="980" ind1=" " ind2=" ">
    <subfield code="a">NB</subfield>
  </datafield>
  <datafield tag="995" ind1=" " ind2=" ">
    <subfield code="5">2006-11-03</subfield>
    <subfield code="a">ad</subfield>
    <subfield code="b">NLR01</subfield>
    <subfield code="c">NLR01</subfield>
    <subfield code="e">RF3</subfield>
    <subfield code="f">2291874</subfield>
    <subfield code="k">2006-5/7828</subfield>
    <subfield code="o">0</subfield>
    <subfield code="r">BOOK</subfield>
    <subfield code="s">200657828_</subfield>
  </datafield>
  <datafield tag="995" ind1=" " ind2=" ">
    <subfield code="5">2006-11-03</subfield>
    <subfield code="a">ad</subfield>
    <subfield code="b">NLR01</subfield>
    <subfield code="c">NLR01</subfield>
    <subfield code="e">RF3</subfield>
    <subfield code="f">2291875</subfield>
    <subfield code="k">2006-5/7828</subfield>
    <subfield code="o">0</subfield>
    <subfield code="r">BOOK</subfield>
    <subfield code="s">200657828_</subfield>
  </datafield>
</record>
